ՀՀ Գիտությունների ազգային ակադեմիայի հիմնարար գիտական գրադարան  =   Fundamental Scientific Library of NAS RA

Лирика / (Record no. 137120)

MARC details
000 -LEADER
fixed length control field 00732nam a2200205 u 4500
001 - CONTROL NUMBER
control field 000358368
003 - CONTROL NUMBER IDENTIFIER
control field AM-YeHGA
005 - DATE AND TIME OF LATEST TRANSACTION
control field 20250617131514.0
008 - FIXED-LENGTH DATA ELEMENTS--GENERAL INFORMATION
fixed length control field 040903s1984 ||| r 000 0 rus d
040 ## - CATALOGING SOURCE
Original cataloging agency AM-YeHGA
041 0# - LANGUAGE CODE
Language code of text/sound track or separate title rus
090 ## - LOCALLY ASSIGNED LC-TYPE CALL NUMBER (OCLC); LOCAL CALL NUMBER (RLIN)
-- 138492
100 1# - MAIN ENTRY--PERSONAL NAME
Personal name Маяковский, Владимир Владимирович.
Dates associated with a name 1893-1930
245 10 - TITLE STATEMENT
Title Лирика /
Statement of responsibility, etc. Владимир Маяковский; Сост., авт. вступ. и примеч. А. М. Ушаков.
260 ## - PUBLICATION, DISTRIBUTION, ETC.
Place of publication, distribution, etc. Москва :
Name of publisher, distributor, etc. Сов. Россия,
Date of publication, distribution, etc. 1984.
300 ## - PHYSICAL DESCRIPTION
Extent 239 с. :
Other physical details портр.
440 #0 - SERIES STATEMENT/ADDED ENTRY--TITLE
Title Поэтическая Россия
653 0# - INDEX TERM--UNCONTROLLED
Uncontrolled term Русская поэзия
700 1# - ADDED ENTRY--PERSONAL NAME
Personal name Ушаков, А.М.
Relator term сост.
Relationship com
Holdings
Withdrawn status Lost status Damaged status Not for loan Collection Home library Current library Date acquired Total checkouts Full call number Barcode Date last seen Price effective from Koha item type Public note
        General Fundamental Scientific Library Fundamental Scientific Library 22/12/2016   882 110054669 22/12/2016 22/12/2016 Գրքեր / Books 30 Days Loan


ՀՀ ԳԱԱ հիմնարար գիտական գրադարան
ՀՀ,Երևան 0019
Մարշալ Բաղրամյան 24/6
հեռախոս:(374-10) 52-47-50
Հետադարձ կապ

All site content, except where otherwise noted, is licensed under a
Creative Commons License